000 00463nam a2200169Ia 4500
005 20250423100031.0
008 250422s9999 xx 000 0 und d
020 _a9781111841669
050 _aBC 108 .H27/
100 _aHausman, Alan
245 0 _aLogic and philosophy : a modern introduction
250 _a12th ed.
260 _bWadsworth Cengage Learning
260 _c2013
650 _a Logic. Philosophy. Predicate (Logic)
942 _cBK
999 _c32083
_d32083